Developing countries and the multilateral trading system : From the GATT to the Uruguay round and the the future (Record no. 41909)

MARC details
000 -LEADER
fixed length control field 00399nam a2200121Ia 4500
020 ## - INTERNATIONAL STANDARD BOOK NUMBER
ISBN 195653270
082 ## - DEWEY DECIMAL CLASSIFICATION NUMBER
Classification number 339.52
Item number SRI
100 ## - MAIN ENTRY--AUTHOR NAME
Personal name Srinivasan, T N
245 #0 - TITLE STATEMENT
Title Developing countries and the multilateral trading system : From the GATT to the Uruguay round and the the future
260 ## - PUBLICATION, DISTRIBUTION, ETC. (IMPRINT)
Place of publication New Delhi
Name of publisher Oxford University Press
Year of publication 1998
942 ## - ADDED ENTRY ELEMENTS (KOHA)
Koha item type Books
Holdings
Withdrawn status Lost status Damaged status Not for loan Home library Current library Date acquired Cost, normal purchase price Full call number Accession Number Koha item type
        RRII Library RRII Library 16/12/2021 175.00 339.52 SRI 22190 Books